CONCACAF Nations League Top 4 Positions - Statistics

General Stats
  • This quiz has been taken 166 times
    57 since last reset
  • The average score is 16 of 16
Answer Stats
Year Position Team % Correct
2019/20 Second Mexico
100%
2022/23 Third Mexico
100%
2023/24 SF Mexico
100%
2024/25 Winner Mexico
100%
2022/23 Fourth Panama
100%
2023/24 SF Panama
100%
2024/25 Second Panama
100%
2019/20 Winner United States
100%
2022/23 Winner United States
100%
2023/24 SF United States
100%
2024/25 Fourth United States
100%
2022/23 Second Canada
98%
2024/25 Third Canada
98%
2019/20 Fourth Costa Rica
96%
2023/24 SF Jamaica
90%
2019/20 Third Honduras
86%
No matching quizzes found
Score Distribution
Percent of People with Each Score
Percentile by Number Answered
Your Score History
You have not taken this quiz since the last reset